000 00923nam0a22002411 4500
001 rc\4277395
005 20260406112149.0
035 _a(NLR Aleph) 008243379
090 _a8291521
_c8291521
100 _a20130416a19619999|||y0rusy50 ca
101 0 _arus
102 _aRU
105 _ay z |||||
200 1 _aОтчет о деятельности Академии наук Азербайджана
_fАН Азербайджана
210 _aБаку
_cЭлм
_d1961-
333 _aДСП
710 0 2 _aАН Азербайджана
_cБаку
_3RU\NLR\AUTH\887828
_9287847
801 0 _aRU
_bNLR
_gpsbo
801 1 _aRU
_bELAR
_2rusmarc
830 _aПеречень имеющихся в библиотеке томов, номеров, годов этого издания смотри в каталоге периодических изданий
852 _aNLR
_jШифры разные
942 _cBOOK
980 _aNB